000 00606nam a2200193Ia 4500
003 OSt
005 20250219115540.0
008 210210b1938 xxu||||| |||| 00| 0 eng d
040 _cAL
041 _ahin
082 _a866/4
100 _aKHANNA (Gopalal):
_9201221
110 _bखन्ना गोपालाल
_9201222
245 _aHindi sahitya ka sankshipt ithihas:
_bहिंदी साहित्य का संक्षिप्त इतिहास
260 _aPrayag
_bIndian Press Pvt Ltd.,
_c1938
690 _aHindi Criticism
_9201223
906 _a023715
942 _2ddc
_cBK
999 _c148681
_d148681